مكتبة جامعة عجلون الوطنية

فهرس بحث المكتبة

Normal view MARC view
  • تأليف البعلبكى، منير، م.مشارك رمزي منير البعلبكي

Entry Personal Name

Number of records used in: 1

001 - CONTROL NUMBER

  • control field: 11616

003 - CONTROL NUMBER IDENTIFIER

  • control field: JO-AjAnu

005 - DATE AND TIME OF LATEST TRANSACTION

  • control field: 20230606072149.0

008 - FIXED-LENGTH DATA ELEMENTS

  • fixed length control field: 230606|| aca||aabn | a|a d

040 ## - CATALOGING SOURCE

  • Original cataloging agency: JO-AjAnu
  • Transcribing agency: JO-AjAnu

100 ## - HEADING--PERSONAL NAME

  • Personal name: تأليف البعلبكى، منير، م.مشارك رمزي منير البعلبكي

670 ## - SOURCE DATA FOUND

  • Source citation: Work cat.: (JO-AjAnu)5984: تأليف البعلبكى، منير، م.مشارك رمزي منير البعلبكي, author, المورد الحديث : قاموس إنكليزي - عربي حديث = Al-Mawrid Al-Hadeeth : A Modern English-Arabic Dictionary